Hard Oceania History and Geography Quiz - Statistics

General Stats
  • This quiz has been taken 167 times
  • The average score is 9 of 25
Answer Stats
Hint Answer % Correct
What is the capital of Australia? Canberra
99%
What is the first country every year to celebrate New Year's Day? Kiribati
77%
What country was extremely damaged due to over mining of phosphate? Nauru
73%
What was the only Pacific country that was never colonised? Tonga
73%
Jellyfish Lake, an isolated ecosytem, is located in which country? Palau
60%
On which Island nation was bungee jumping invented? Vanuatu
56%
Which sea, named after a German statesman, is located North of Papua New Guinea? Bismarck Sea
49%
What giant bird, now extinct, used to roam in New Zealand? Moa
46%
Which island did the mutineers from the HMS Bounty hide out in? Pitcairn Island
45%
With IATA code PPT, what is the name of the main airport in French Polynesia? Papeete
40%
What is New Zealand called in the Maori language? Aotearoa
39%
Name the strait between Australia and New Guinea Torres Strait
39%
Name the largest island in the Marianas Guam
35%
Name the largest island in the Solomon Islands Guadalcanal
30%
Name the capital of the French territory New Caledonia Noumea
28%
What is the name of the main island in Fiji? Viti Levu
18%
What is the capital of that island? Hagatna
16%
What island in New Zealand are kiwi's (the bird) mostly found now? Stewart Island
16%
An Australian PM once went for a swim and never came back - what was his name? Harold Holt
15%
Name the largest mountain in Papua New Guinea Mount Wilhelm
15%
What is the name of the plain in Australia that stretches along the Great Australian Bight Nullarbor Plain
15%
What famous trail starts from Port Moresby and harkens back to the WWII Anzac troops? Kokoda Trail
11%
Specifically which island celebrates it first? Kiritimati
9%
Which reef area in Australia are you most likely to swim with whale sharks? Ningaloo Reef
5%
Nitmiluk National Park is a popular park in the Northern Territory Australia, what was it formerly known as? Katherine Gorge
4%
No matching quizzes found
Score Distribution
Percent of People with Each Score
Percentile by Number Answered
Your Score History
You have not taken this quiz